MRI parameters and positioning / (Record no. 13827)
[ view plain ]
| 000 -LEADER | |
|---|---|
| fixed length control field | 01461cam a22003857a 4500 |
| 001 - CONTROL NUMBER | |
| control field | 16469854 |
| 003 - CONTROL NUMBER IDENTIFIER | |
| control field | OSt |
| 005 - DATE AND TIME OF LATEST TRANSACTION | |
| control field | 20140310182503.0 |
| 008 - FIXED-LENGTH DATA ELEMENTS--GENERAL INFORMATION | |
| fixed length control field | 100921s2010 gw a bf 001 0 eng d |
| 010 ## - LIBRARY OF CONGRESS CONTROL NUMBER | |
| LC control number | 2010484091 |
| 020 ## - INTERNATIONAL STANDARD BOOK NUMBER | |
| International Standard Book Number | 9783131305824 |
| 020 ## - INTERNATIONAL STANDARD BOOK NUMBER | |
| International Standard Book Number | 3131305827 |
| 035 ## - SYSTEM CONTROL NUMBER | |
| System control number | (OCoLC)ocn326676654 |
| 040 ## - CATALOGING SOURCE | |
| Original cataloging agency | BTCTA |
| Transcribing agency | BTCTA |
| Modifying agency | YDXCP |
| -- | OCLCQ |
| -- | DLC |
| 041 1# - LANGUAGE CODE | |
| Language code of text/sound track or separate title | eng |
| Language code of original and/or intermediate translations of text | ger |
| 042 ## - AUTHENTICATION CODE | |
| Authentication code | lccopycat |
| 050 00 - LIBRARY OF CONGRESS CALL NUMBER | |
| Classification number | RC 78.7 |
| Item number | .M693 2010 |
| 082 00 - DEWEY DECIMAL CLASSIFICATION NUMBER | |
| Classification number | 616.07/548 |
| 100 1# - MAIN ENTRY--PERSONAL NAME | |
| Personal name | Torsten B. Moeller |
| 9 (RLIN) | 8744 |
| 240 10 - UNIFORM TITLE | |
| Uniform title | <a href="MRT-Einstelltechnik.">MRT-Einstelltechnik.</a> |
| Language of a work | English |
| 245 10 - TITLE STATEMENT | |
| Title | MRI parameters and positioning / |
| Statement of responsibility, etc | Torsten B. Moeller, Emil Reif. |
| 250 ## - EDITION STATEMENT | |
| Edition statement | 2nd ed. |
| 260 ## - PUBLICATION, DISTRIBUTION, ETC. (IMPRINT) | |
| Place of publication, distribution, etc | Stuttgart ; |
| -- | New York : |
| Name of publisher, distributor, etc | Thieme, |
| Date of publication, distribution, etc | c2010. |
| 300 ## - PHYSICAL DESCRIPTION | |
| Extent | 341 p. : |
| Other physical details | ill. ; |
| Dimensions | 19 cm. |
| 500 ## - GENERAL NOTE | |
| General note | Rev. and enl. translation of the 2nd German ed. entitled as MRT-Einstelltechnik, published 2003. |
| 504 ## - BIBLIOGRAPHY, ETC. NOTE | |
| Bibliography, etc | Includes bibliographical references and index. |
| 650 #0 - SUBJECT ADDED ENTRY--TOPICAL TERM | |
| Topical term or geographic name as entry element | Magnetic resonance imaging |
| Form subdivision | Handbooks, manuals, etc. |
| 9 (RLIN) | 8745 |
| 700 1# - ADDED ENTRY--PERSONAL NAME | |
| Personal name | Reif, Emil. |
| 9 (RLIN) | 8746 |
| 856 42 - ELECTRONIC LOCATION AND ACCESS | |
| Materials specified | Contributor biographical information |
| Uniform Resource Identifier | <a href="http://www.loc.gov/catdir/enhancements/fy1101/2010484091-b.html">http://www.loc.gov/catdir/enhancements/fy1101/2010484091-b.html</a> |
| 856 42 - ELECTRONIC LOCATION AND ACCESS | |
| Materials specified | Publisher description |
| Uniform Resource Identifier | <a href="http://www.loc.gov/catdir/enhancements/fy1101/2010484091-d.html">http://www.loc.gov/catdir/enhancements/fy1101/2010484091-d.html</a> |
| 906 ## - LOCAL DATA ELEMENT F, LDF (RLIN) | |
| a | 7 |
| b | cbc |
| c | copycat |
| d | 2 |
| e | ncip |
| f | 20 |
| g | y-gencatlg |
| 942 ## - ADDED ENTRY ELEMENTS (KOHA) | |
| Source of classification or shelving scheme | Library of Congress Classification |
| Koha item type | |
| Withdrawn status | Lost status | Source of classification or shelving scheme | Damaged status | Home library | Current library | Shelving location | Date acquired | Total Checkouts | Full call number | Barcode | Date last seen | Copy number | Price effective from | Koha item type |
|---|---|---|---|---|---|---|---|---|---|---|---|---|---|---|
| Library of Congress Classification | South SEED-LPDH College Library | South SEED-LPDH College Library | South SEED-LPDH College Section | 08/07/2013 | RC 78.7 .M693 2010 | SSLC0049 | 05/15/2018 | 1 | 08/07/2013 | Books |